000 01151nam a22001937a 4500
003 JO-AjAnu
005 20251015115358.0
008 231211b jo ||||| |||| 00| 0 ara d
040 _aJO-AjAnu
_bara
_cJO-AjAnu
041 _aara
100 1 _aالبعول، ختام مصطفى احمد
_964711
_eمعد
245 _aالعزو السببي وعلاقته بخبرات الاساءة لدى الطلبة ذوي الصعوبات التعلم = The causal Attibution and its Relationship to Abuse Experiences Among Students with Learning Disabiliities /
_cاعداد ختام مصطفى احمد البعول ؛ اشراف محمد عمر ابو الرب
260 _aعجلون، الاردن :
_bجامعة عجلون الوطنية،
_c2023
300 _a130 ورقة
504 _aرسالة جامعية (ماجستير) .- جامعة عجلون الوطنية (عجلون، الأردن)، كلية العلوم التربوية، قسم صعوبات التعلم ، 2023.
650 7 0 _aالتربية الخاصة- صعوبات التعلم
_960651
700 1 _aابو الرب، محمد عمر
_964993
_eمشرف
942 _2lcc
_cTHS
_n0
999 _c33297
_d33297